Modern Physics
Saved in:
| Hovedforfatter: | |
|---|---|
| Format: | Bog |
| Sprog: | engelsk |
| Udgivet: |
Nueva York
McGraw-Hill
1992
|
| Fag: | |
| Tags: |
Tilføj Tag
Ingen Tags, Vær først til at tagge denne postø!
|
MARC
| LEADER | 00000cam a2200000 a 4500 | ||
|---|---|---|---|
| 001 | UCF5646 | ||
| 003 | CL-VaPUC | ||
| 008 | 130318e19920000US |||||||||||||||||eng|d | ||
| 020 | |a 0070058776 | ||
| 082 | 0 | 4 | |a 539 |b BLA |2 21 |
| 100 | 0 | |a Blatt, Frank J |e author |9 567620 | |
| 245 | 1 | 0 | |a Modern Physics |
| 300 | |a 517 p | ||
| 942 | |c BK | ||
| 945 | |d 20130318 00:00:00 |a dcastane | ||
| 260 | |a Nueva York |b McGraw-Hill |c 1992 | ||
| 650 | 0 | |a Física |9 227844 | |
| 650 | 7 | |a FISICA MODERNA |2 CL-VaPUC |9 316548 | |
| 583 | |a last modification |c 20130318 11:20:00 |k Rodrigo Vera | ||
| 999 | |c 351118 |d 351116 | ||
| 952 | |0 0 |1 0 |4 0 |6 539_000000000000000_BLA_1992 |7 0 |8 A |9 455045 |a BIBCUR |b BIBCUR |d 2019-11-22 |i 495615K |l 1 |o 539 BLA 1992 |p 495615K |r 2025-04-22 |s 2022-11-16 |w 2019-11-22 |y BK |k FIS | ||